01048naa#a2200193#i#4500001001500000005001700015100004100032102000700073200019400080210016900274215001000443608006000453675009900513700004800612700006000660700006400720700005200784856001800836RU\\bibl\1974920260602230600.2##a20260601b2026####ek#y0rusy0150####ca##aRU1#aОЗЕЛЕНЕНИЕ ГОРОДСКИХ ПРОСТРАНСТВ: АНАЛИЗ, СОСТОЯНИЕ И ПЕРСПЕКТИВЫ РАЗВИТИЯeСтатья/тезисы конференции1#aВоронежcВоронежский государственный лесотехнический университет имени Г.Ф. Морозоваd2026##a7 с.##aСтатья/тезисы конференции2local##aпромышленных, горно-промышленных земель и т. п.. 631.618#1aАлиеваgЕлена Сергеевна#1aМалининаgТатьяна Анатольевна#1aМануковскаяgАлина Владимировна#1aДеденкоgТатьяна Петровна4#abibl.vgltu.ru